[Event "GER-chT U20"]
[Site "Magdeburg"]
[Date "2023.12.30"]
[Round "7.7"]
[White "Rabenstein, Jonathan"]
[Black "Frank, Marek"]
[Result "0-1"]
[WhiteElo "1441"]
[BlackElo "1596"]
[PlyCount "92"]
[EventDate "2023.12.26"]
[EventType "team-swiss"]
[EventRounds "7"]
[EventCountry "GER"]
[SourceTitle "CBM 218 Extra"]
[Source "ChessBase"]
[SourceDate "2024.03.31"]
[SourceVersion "1"]
[SourceVersionDate "2024.03.31"]
[SourceQuality "1"]
[WhiteTeam "Magdeburg USC"]
[BlackTeam "Gera"]
[WhiteTeamCountry "GER"]
[BlackTeamCountry "GER"]

1. e4 c5 2. Nf3 d6 3. Bb5+ Bd7 4. Bxd7+ Qxd7 5. c4 Nc6 6. d4 cxd4 7. Nxd4 g6 8. 0-0 Bg7 9. Be3 Nf6 10. Nc3 0-0 11. f3 Rac8 12. b3 a6 13. Qd2 Rfe8 14. Rad1 Qd8 15. Nxc6 bxc6 16. Na4 Rb8 17. Qf2 Qc7 18. c5 d5 19. Nb6 e6 20. Qd2 dxe4 21. fxe4 Nxe4 22. Qd7 Re7 23. Qd3 Nc3 24. Rd2 Nd5 25. Bg5 Ree8 26. Qxa6 Nxb6 27. cxb6 Qxb6+ 28. Qxb6 Rxb6 29. Rd7 f5 30. Re1 Ra6 31. a4 c5 32. Be7 Bd4+ 33. Kf1 e5 34. Rb7 c4 35. bxc4 Rxa4 36. c5 Rc8 37. Rc1 Ra6 38. Bg5 Rxc5 39. Rb8+ Kf7 40. Rcb1 Rc7 41. R8b7 Ra7 42. Rxc7+ Rxc7 43. Rb4 Ke6 44. Rb5 Ra7 45. Ke2 Ra2+ 46. Kf1 Rf2+ 0-1

[Event "Sachsen-Anhalt-ch op"]
[Site "Magdeburg"]
[Date "2021.10.29"]
[Round "4"]
[White "Markus, Nico"]
[Black "Rabenstein, Jonathan"]
[Result "1/2-1/2"]
[WhiteElo "1730"]
[BlackElo "1119"]
[PlyCount "50"]
[EventDate "2021.10.28"]
[EventType "swiss"]
[EventRounds "7"]
[EventCountry "GER"]
[SourceTitle "CBM 205 Extra"]
[Source "ChessBase"]
[SourceDate "2022.01.31"]
[SourceVersion "1"]
[SourceVersionDate "2022.01.31"]
[SourceQuality "1"]

1. e4 e5 2. Nf3 Nc6 3. d4 exd4 4. Nxd4 Nf6 5. Nxc6 bxc6 6. Nc3 Bb4 7. Bd3 d5 8. exd5 cxd5 9. 0-0 0-0 10. Bf4 c6 11. a3 Bc5 12. Na4 Bd6 13. Qd2 Re8 14. Rfe1 Be6 15. b4 Qc7 16. Bxd6 Qxd6 17. Nc5 Nd7 18. Nxd7 Bxd7 19. c3 Be6 20. Be2 Red8 21. Qd4 Rdc8 22. Bf3 Rc7 23. Rad1 a5 24. g3 axb4 25. axb4 c5 1/2-1/2

[Event "Sachsen-Anhalt-ch op"]
[Site "Magdeburg"]
[Date "2021.10.29"]
[Round "3"]
[White "Rabenstein, Jonathan"]
[Black "Hoffmann, Siegfried"]
[Result "1-0"]
[WhiteElo "1119"]
[BlackElo "1582"]
[PlyCount "123"]
[EventDate "2021.10.28"]
[EventType "swiss"]
[EventRounds "7"]
[EventCountry "GER"]
[SourceTitle "CBM 205 Extra"]
[Source "ChessBase"]
[SourceDate "2022.01.31"]
[SourceVersion "1"]
[SourceVersionDate "2022.01.31"]
[SourceQuality "1"]

1. e4 e5 2. Nf3 d6 3. d4 exd4 4. Nxd4 g6 5. Nc3 Bg7 6. Bc4 Ne7 7. Bf4 a6 8. a3 0-0 9. Qd2 Nbc6 10. Nf3 Bg4 11. Bh6 Bxh6 12. Qxh6 Bxf3 13. gxf3 Nd4 14. 0-0-0 Nxf3 15. Be2 Ne5 16. f4 Nd7 17. f5 Nc6 18. Rdg1 Qf6 19. fxg6 hxg6 20. Nd5 Qg7 21. Qg5 Rac8 22. Bg4 f6 23. Be6+ Rf7 24. Qxg6 Kf8 25. Qxg7+ Rxg7 26. Rxg7 Kxg7 27. Bxd7 Rh8 28. Nxc7 Ne5 29. Bf5 Kf7 30. Nd5 b5 31. h3 a5 32. Rd1 Rb8 33. Nc7 Rb7 34. Nd5 Kg7 35. Rg1+ Kf7 36. h4 Nf3 37. Rg6 Nxh4 38. Rxf6+ Ke8 39. Rxd6 Rg7 40. b3 Rg5 41. Nc7+ Ke7 42. Nxb5 Nxf5 43. exf5 Rxf5 44. Rb6 Kd7 45. Nc3 Kc7 46. Rb5 Rf6 47. Rxa5 Kb7 48. a4 Rg6 49. Rb5+ Ka6 50. Nd5 Rg1+ 51. Kb2 Rg2 52. Nb4+ Ka7 53. Ka3 Rg3 54. Nc6+ Ka6 55. Nd4 Ka7 56. c4 Ka6 57. c5 Ka7 58. c6 Ka6 59. c7 Ka7 60. c8R Rg6 61. Nc6+ Ka6 62. Ra8# 1-0

[Event "Sachsen-Anhalt-ch op"]
[Site "Magdeburg"]
[Date "2021.10.28"]
[Round "2"]
[White "Loesche, Marian"]
[Black "Rabenstein, Jonathan"]
[Result "0-1"]
[WhiteElo "1722"]
[BlackElo "1119"]
[PlyCount "70"]
[EventDate "2021.10.28"]
[EventType "swiss"]
[EventRounds "7"]
[EventCountry "GER"]
[SourceTitle "CBM 205 Extra"]
[Source "ChessBase"]
[SourceDate "2022.01.31"]
[SourceVersion "1"]
[SourceVersionDate "2022.01.31"]
[SourceQuality "1"]

1. e4 e5 2. d4 exd4 3. c3 Nc6 4. cxd4 d5 5. e5 Be6 6. Nc3 f6 7. f4 fxe5 8. fxe5 Qh4+ 9. g3 Qxd4 10. Nf3 Qg4 11. Bg2 0-0-0 12. 0-0 Qh5 13. Re1 Bc5+ 14. Kh1 Nh6 15. Bg5 Rd7 16. Na4 Bb4 17. Bd2 Be7 18. Qe2 Rf8 19. Rac1 Nf5 20. Kg1 d4 21. Nc5 Bxc5 22. Rxc5 d3 23. Qd1 Qg4 24. Qc1 Nfd4 25. Nxd4 Nxd4 26. Kh1 Ne2 27. Qd1 Qd4 28. Rb5 c6 29. Rb4 Qxe5 30. Qa4 Qc5 31. Re4 Bd5 32. Bb4 Qf2 33. Rf1 Qxf1+ 34. Bxf1 Bxe4+ 35. Bg2 Rf1# 0-1

[Event "Sachsen-Anhalt Landesliga-A 1920"]
[Site "Sachsen Anhalt"]
[Date "2020.09.20"]
[Round "8.7"]
[White "Risch, Uwe"]
[Black "Rabenstein, Jonathan"]
[Result "1-0"]
[WhiteElo "1785"]
[BlackElo "1352"]
[PlyCount "111"]
[EventDate "2019.09.29"]
[EventType "team-tourn"]
[EventRounds "9"]
[EventCountry "GER"]
[SourceTitle "EXT 2023"]
[Source "ChessBase"]
[SourceDate "2022.10.05"]
[SourceVersion "1"]
[SourceVersionDate "2022.10.05"]
[SourceQuality "1"]
[WhiteTeam "Burger Schwarz Weiss"]
[BlackTeam "Magdeburg USC III"]
[WhiteTeamCountry "GER"]
[BlackTeamCountry "GER"]

1. e4 e5 2. Nc3 Nf6 3. g3 Bc5 4. Bg2 d6 5. Nf3 Bg4 6. 0-0 Nc6 7. d3 0-0 8. Ne2 Qe7 9. c3 Bb6 10. Qc2 Rad8 11. Be3 Rfe8 12. Rad1 Bh5 13. Nh4 d5 14. Nf5 Qe6 15. Bxb6 axb6 16. Ne3 d4 17. Nd5 Qd6 18. Nxf6+ Qxf6 19. Rd2 Bxe2 20. Rxe2 Qe6 21. a3 Ra8 22. f4 f6 23. Ref2 Rad8 24. h4 Qg4 25. Kh2 Qe6 26. Bh3 Qd6 27. c4 Ra8 28. Qb3 Na5 29. Qa2 c5 30. b4 Nc6 31. bxc5 Qxc5 32. Ra1 Nb4 33. Qb3 Nc6 34. f5 Ra5 35. Rfa2 Rea8 36. a4 R8a6 37. Bg4 Ne7 38. Bd1 Nc8 39. Rb2 Ra7 40. Qc2 R7a6 41. Qd2 Nd6 42. Rab1 Qc6 43. Rb4 Rc5 44. Qb2 Nc8 45. Rb5 Qc7 46. Qb4 Rc6 47. c5 bxc5 48. Qc4+ Qf7 49. Qxf7+ Kxf7 50. Rxb7+ Kg8 51. Bb3+ Kh8 52. Rd7 g6 53. fxg6 hxg6 54. Bc4 Rxa4 55. Rbb7 Rxc4 56. Rd8# 1-0

[Event "Sachsen-Anhalt Landesliga-A 1920"]
[Site "Sachsen Anhalt"]
[Date "2020.01.19"]
[Round "5.4"]
[White "Jungnickel, Andre"]
[Black "Rabenstein, Jonathan"]
[Result "1-0"]
[WhiteElo "1562"]
[BlackElo "1352"]
[PlyCount "75"]
[EventDate "2019.09.29"]
[EventType "team-tourn"]
[EventRounds "9"]
[EventCountry "GER"]
[SourceTitle "EXT 2023"]
[Source "ChessBase"]
[SourceDate "2022.10.05"]
[SourceVersion "1"]
[SourceVersionDate "2022.10.05"]
[SourceQuality "1"]
[WhiteTeam "Tangerhuette Eintracht"]
[BlackTeam "Magdeburg USC III"]
[WhiteTeamCountry "GER"]
[BlackTeamCountry "GER"]

1. d4 d5 2. c4 c6 3. Nc3 Nf6 4. Bg5 dxc4 5. Bxf6 gxf6 6. e4 b5 7. Nf3 Bg7 8. a4 b4 9. Na2 a5 10. Bxc4 Nd7 11. 0-0 Nb6 12. Qb3 0-0 13. Rfe1 Bg4 14. Be2 Bxf3 15. Bxf3 Qxd4 16. Rad1 Qc4 17. Nc1 Qxb3 18. Nxb3 Nxa4 19. Re2 Nb6 20. Ra1 a4 21. Nd4 c5 22. Nc2 Nc4 23. Ne3 Ne5 24. Nd5 e6 25. Ne3 Nd3 26. Nc4 Rfd8 27. Rd2 Ra6 28. Be2 Raa8 29. Rxd3 Rxd3 30. Bxd3 Rd8 31. Be2 f5 32. Rxa4 fxe4 33. Ra7 Bxb2 34. Bh5 Bf6 35. h3 Rd5 36. Bxf7+ Kf8 37. Bxe6 b3 38. Rf7+ 1-0

[Event "GER-chT U10"]
[Site "Magdeburg"]
[Date "2016.12.27"]
[Round "1.4"]
[White "Rabenstein, Jonathan"]
[Black "Oez, Eren"]
[Result "0-1"]
[WhiteElo "988"]
[BlackElo "886"]
[PlyCount "98"]
[EventDate "2016.12.27"]
[EventType "team-swiss"]
[EventRounds "7"]
[EventCountry "GER"]
[SourceTitle "EXT 2018"]
[Source "ChessBase"]
[SourceDate "2017.10.13"]
[SourceVersion "1"]
[SourceVersionDate "2017.10.13"]
[SourceQuality "1"]
[WhiteTeam "Magdeburg USC"]
[BlackTeam "Bebenhausen"]
[WhiteTeamCountry "GER"]
[BlackTeamCountry "GER"]

1. e4 c5 2. Nf3 Nc6 3. Bc4 g6 4. Nc3 Bg7 5. d3 e6 6. Bg5 Nge7 7. 0-0 0-0 8. Re1 h6 9. Bxe7 Qxe7 10. e5 d6 11. exd6 Qxd6 12. Ne4 Qe7 13. Rb1 e5 14. h3 Nd4 15. c3 Ne6 16. Qd2 Nf4 17. Kh2 Qd7 18. Nxc5 Qf5 19. Nh4 Qg5 20. Ne4 Qxh4 21. Nd6 Bxh3 22. g3 Bf1+ 23. Kg1 Qh3 24. Bd5 Nxd5 25. Rxf1 Nc7 26. Ne4 Ne6 27. f3 Ng5 28. Nxg5 hxg5 29. Kf2 Qh2+ 30. Ke1 Qxg3+ 31. Kd1 Bh6 32. Kc2 Qh4 33. Rh1 Qa4+ 34. b3 Qf4 35. Qf2 g4 36. Rbe1 gxf3 37. Re4 Qf5 38. Rxh6 Qg5 39. Rh1 Rfd8 40. Qh2 Kg7 41. Qh7+ Kf6 42. Rf1 Qg2+ 43. Rf2 Qxf2+ 44. Kc1 Rxd3 45. Qh1 Rxc3+ 46. Kb1 Qc2+ 47. Ka1 Rd8 48. Re1 Rd2 49. Rc1 Qxa2# 0-1